#3 Spyro's Adventure Skylanders (Variants and Chase Variants) (3/3) - Statistics

General Stats
  • This quiz has been taken 146 times
  • The average score is 29 of 58
Answer Stats
Hint Answer % Correct
Magic Spyro
92%
Life Stealth Elf
90%
Water Gill Grunt
84%
Tech Trigger Happy
84%
Life Camo
83%
Fire Eruptor
83%
Earth Bash
80%
Life Stump Smash
80%
Water Zap
78%
Life Zook
75%
Magic Wrecking Ball
73%
Earth Terrafin
72%
Undead Chop Chop
70%
Undead Cynder
70%
Undead Hex
70%
Magic Voodood
70%
Magic Double Trouble
69%
Tech Drobot
69%
Fire Flameslinger
69%
Tech Drill Sergeant
67%
Fire Ignitor
67%
Water Slam Bam
66%
Air Whirlwind
66%
Fire sunburn
65%
Water Whamshell
65%
Earth Dino Rang
64%
Earth Prism Break
64%
Air Sonic Boom
63%
Air Lightning Rod
60%
Air Warnado
60%
Tech Boomer
59%
Undead Ghost Roaster
59%
Magic (Variant) Dark Spyro
41%
Tech (Variant) Legendary Trigger Happy
40%
Magic (Variant) Legendary Spyro
34%
Undead (Variant) Legendary Chop Chop
31%
Earth (Variant) Legendary Bash
30%
Earth (Chase variant) Blue Bash
28%
Tech (Chase Variant) Red Drill Sergeant
28%
Water (Chase variant) Green Gill Grunt
27%
Life (Chase variant) Red Camo
23%
Water (Chase variant) Crystal Clear Whamshell
19%
Water (Chase variant) Glow in the Dark Zap
19%
Life (Chase variant) Crystal Clear Stealth Elf
18%
Life (Chase variant) Flocked Stump Smash
18%
Magic (Chase variant) Glow in the Dark Wrecking Ball
18%
Earth (Chase variant) Silver Dino Rang
18%
Fire (Chase variant) Silver Eruptor
18%
Magic (Chase variant) Chrome Spyro
17%
Air (Chase variant) Glow in the Dark Warnado
17%
Fire (Chase variant) Gold Flameslinger
17%
Undead (Chase variant) Pearl Hex
17%
Tech (Chase Variant) Silver Boomer
17%
Undead (Chase variant) Metallic Purple Cynder
16%
Undead (Chase variant) Gold Chop Chop
14%
Tech (Chase variant) Gold Drill Sergeant
14%
Undead (Chase variant) Crystal Clear Cynder
13%
Air (Chase variant) Crystal Clear Whirlwind
13%
No matching quizzes found
Score Distribution
Percent of People with Each Score
Percentile by Number Answered
Your Score History
You have not taken this quiz